Régions de France sous le Régime de Vichy sur une Carte - Statistiques

Statistiques générales
  • Ce quiz a été pris 21 fois
  • Le résultat moyen est 13 sur 17
Réponses sur la Carte
Les réponses sont colorées sur une échelle allant du rouge au vert en fonction du pourcentage des utilisateurs qui les ont devinées à leur premier essai. Vous pouvez retrouver ces pourcentages ci-dessous.
 
Statistiques - réponses
Régions % Correct
Bordeaux
100%
Dijon
94%
Lyon
94%
Marseille
94%
Rennes
94%
Toulouse
94%
Lille
88%
Rouen
88%
Clermont-Ferrand
82%
Montpellier
76%
Orléans
76%
Angers
71%
Nancy
71%
Limoges
65%
Poitiers
53%
Laon
47%
Châlons-sur-Marne
24%
Aucun quiz correspondant
Distribution des résultats
% des personnes avec chaque résultat
Percentile par nombre de réponses
Votre historique - résultats
Vous n’avez pas pris ce quiz